Conferencias pronunciadas durante el curso 1947-48 / (Record no. 187961)

MARC details
000 -LEADER
campo de control de longitud fija 00596nam a2200169 i 4500
001 - NÚMERO DE CONTROL
campo de control 187961
003 - IDENTIFICADOR DE NÚMERO DE CONTROL
campo de control ES-MaACL
005 - FECHA Y HORA DE LA ÚLTIMA TRANSACCIÓN
campo de control 20230906223053.0
008 - DATOS DE LONGITUD FIJA--INFORMACIÓN GENERAL
campo de control de longitud fija 180402s1948 sp |||| | spa d
245 00 - MENCIÓN DEL TÍTULO
Título Conferencias pronunciadas durante el curso 1947-48 /
Mención de responsabilidad, etc. por los señores Feliciano Cereceda... [et al.].
260 ## - PUBLICACIÓN, DISTRIBUCIÓN, ETC.
Lugar de publicación, distribución, etc. Madrid :
Nombre del editor, distribuidor, etc. Ministerio de Asuntos Exteriores, Escuela Diplomática,
Fecha de publicación, distribución, etc. 1948.
300 ## - DESCRIPCIÓN FÍSICA
Extensión 244 p. ;
Dimensiones 24 cm.
651 #4 - PUNTO DE ACCESO ADICIONAL DE MATERIA--NOMBRE GEOGRÁFICO
Nombre geográfico España-
Subdivisión general Historia.
9 (RLIN) 8209
700 0# - ENTRADA AGREGADA--NOMBRE PERSONAL
Nombre de persona Cereceda, Feliciano.
9 (RLIN) 37480
710 0# - ENTRADA AGREGADA--NOMBRE DE ENTIDAD CORPORATIVA
Nombre de entidad corporativa o nombre de jurisdicción como elemento de entrada Escuela Diplomática (España)
9 (RLIN) 3563
852 ## - LOCALIZACIÓN
Ubicación ES-MaACL
Número de control de estantería B-13894
Holdings
Estatus retirado Estado de pérdida Estado de daño No para préstamo Biblioteca de origen Biblioteca actual Ubicación en estantería Fecha de adquisición Fuente de adquisición Total de préstamos Signatura topográfica completa Código de barras Visto por última vez Precio de reemplazo Tipo de ítem Koha
        Biblioteca del Ateneo de Madrid Biblioteca del Ateneo de Madrid Sala Pardo Bazán 02/04/2018     B-13894 1198613 23/02/2023 23/02/2023 Libro impreso